Physics of meteor flight in the atmosphere (Record no. 1860)

MARC details
000 -LEADER
fixed length control field 00604nam a2200193Ia 4500
003 - CONTROL NUMBER IDENTIFIER
control field IN-BaIIA
008 - FIXED-LENGTH DATA ELEMENTS--GENERAL INFORMATION
fixed length control field 211028s9999 xx 000 0 eng d
040 ## - CATALOGING SOURCE
Transcribing agency IIA Library
080 ## - UNIVERSAL DECIMAL CLASSIFICATION NUMBER
Universal Decimal Classification number 523.68
Item number OPI
100 ## - MAIN ENTRY--PERSONAL NAME
Personal name Opik, Ernst J
9 (RLIN) 3565
245 #0 - TITLE STATEMENT
Title Physics of meteor flight in the atmosphere
Statement of responsibility, etc. Ernst J Opik
260 ## - PUBLICATION, DISTRIBUTION, ETC.
Place of publication, distribution, etc. New York
Date of publication, distribution, etc. 1958
300 ## - PHYSICAL DESCRIPTION
Extent viii, 174p.
490 ## - SERIES STATEMENT
Series statement Interscience tracts on physics and astronomy; no. 6
650 ## - SUBJECT ADDED ENTRY--TOPICAL TERM
Topical term or geographic name entry element Astronomy and astrophysics thesaurus
650 ## - SUBJECT ADDED ENTRY--TOPICAL TERM
Topical term or geographic name entry element Atmospheres-meteors
9 (RLIN) 3566
650 ## - SUBJECT ADDED ENTRY--TOPICAL TERM
Topical term or geographic name entry element Meteors
942 ## - ADDED ENTRY ELEMENTS (KOHA)
Koha item type Books
Holdings
Withdrawn status Lost status Damaged status Not for loan Home library Current library Shelving location Date acquired Cost, normal purchase price Total Checkouts Full call number Barcode Date last seen Cost, replacement price Price effective from Koha item type Purchase Price
        IIA Library-Bangalore IIA Library-Bangalore General Stacks   45.00   523.68/ OPI 2045 05/11/2021 45.00   Books Rs. 45.00

Powered by Koha